[Event "London Classic op U1825 8th"]
[Site "London"]
[Date "2016.12.11"]
[Round "4"]
[White "Gladstone, Joel"]
[Black "Bishop, Geoffrey L"]
[Result "0-1"]
[WhiteElo "1393"]
[BlackElo "1691"]
[PlyCount "92"]
[EventDate "2016.12.09"]
[EventType "swiss"]
[EventRounds "5"]
[EventCountry "ENG"]
[SourceTitle "EXT 2019"]
[Source "ChessBase"]
[SourceDate "2018.10.10"]
[SourceVersion "1"]
[SourceVersionDate "2018.10.10"]
[SourceQuality "1"]

1. Nf3 Nf6 2. g3 g6 3. Bg2 Bg7 4. d4 0-0 5. c4 c6 6. Nc3 d5 7. 0-0 dxc4 8. e4 Bg4 9. Be3 Nbd7 10. h3 Bxf3 11. Qxf3 Rc8 12. Rfd1 Qb6 13. Rd2 Qa5 14. Rb1 e5 15. Bf1 exd4 16. Bxd4 Ne5 17. Bxe5 Qxe5 18. Bxc4 Bh6 19. Rd3 b5 20. Bb3 b4 21. Na4 c5 22. Bc4 Bg7 23. Qe3 Qxe4 24. Qxe4 Nxe4 25. Re1 Ng5 26. h4 Ne6 27. Rxe6 fxe6 28. Bxe6+ Kh8 29. Bxc8 Rxc8 30. Rd7 c4 31. Rd2 Kg8 32. Kf1 c3 33. bxc3 bxc3 34. Nxc3 Bxc3 35. Rc2 Rc7 36. f4 Ba5 37. Rb2 Bb6 38. Kg2 Kf7 39. Kf3 Rc3+ 40. Kg2 Rc1 41. Kf3 Rf1+ 42. Kg2 Re1 43. Kf3 Re3+ 44. Kg2 Ke6 45. Rc2 Kf5 46. Rb2 Kg4 0-1

[Event "London Golders Green op U1900 5th"]
[Site "London"]
[Date "2015.01.17"]
[Round "1"]
[White "Gladstone, Joel"]
[Black "Miu, Marinel"]
[Result "0-1"]
[WhiteElo "1529"]
[BlackElo "1739"]
[PlyCount "46"]
[EventDate "2015.01.17"]
[EventType "swiss"]
[EventRounds "5"]
[EventCountry "ENG"]
[SourceTitle "EXT 2018"]
[Source "ChessBase"]
[SourceDate "2017.10.13"]
[SourceVersion "1"]
[SourceVersionDate "2017.10.13"]
[SourceQuality "1"]

1. f4 Nf6 2. Nf3 d6 3. e3 Bg4 4. d4 Bxf3 5. Qxf3 c6 6. Bd3 g6 7. Nd2 Nbd7 8. 0-0 Bg7 9. e4 e5 10. dxe5 dxe5 11. f5 Nc5 12. Bc4 Qd4+ 13. Kh1 Ncxe4 14. fxg6 hxg6 15. Bxf7+ Ke7 16. h3 Nxd2 17. Bxd2 Qxd2 18. Rad1 Qxc2 19. Rf2 Qe4 20. Qa3+ Kxf7 21. Qb3+ Kf8 22. Rd7 Rxh3+ 23. Kg1 Rxb3 0-1

[Event "London Golders Green op U1900 5th"]
[Site "London"]
[Date "2015.01.17"]
[Round "3"]
[White "McCarthy, Damian"]
[Black "Gladstone, Joel"]
[Result "1-0"]
[WhiteElo "1829"]
[BlackElo "1529"]
[PlyCount "59"]
[EventDate "2015.01.17"]
[EventType "swiss"]
[EventRounds "5"]
[EventCountry "ENG"]
[SourceTitle "EXT 2018"]
[Source "ChessBase"]
[SourceDate "2017.10.13"]
[SourceVersion "1"]
[SourceVersionDate "2017.10.13"]
[SourceQuality "1"]

1. d4 e6 2. e4 b6 3. Bd3 Bb7 4. Nf3 Nf6 5. Qe2 d5 6. e5 Ne4 7. Nbd2 Bb4 8. c3 Nxd2 9. Bxd2 Be7 10. a4 c5 11. 0-0 c4 12. Bc2 Nd7 13. Ne1 Qc7 14. f4 g6 15. g4 0-0-0 16. Ng2 Rde8 17. f5 gxf5 18. gxf5 Qd8 19. fxe6 fxe6 20. Rf7 h5 21. Raf1 Reg8 22. Kh1 h4 23. Nf4 Nf8 24. Nh5 h3 25. Rg7 Rxg7 26. Nxg7 Kd7 27. Qg4 Rg8 28. Rf7 Bc6 29. Bg5 Rxg7 30. Rxg7 1-0